000
00241nam a22000857a 4500
999
_c
11670
_d
11670
008
191126b ||||| |||| 00| 0 eng d
100
_a
Malhotra Satinder
_9
7372
245
_a
New Era Chemistry-X
260
_a
New Delhi
_b
G.R Bathla Publications
_c
2019